000 00910nas a2200277 4500
001 BR0805190
003 BR-BrBNA
005 20231205112404.0
007 ta
008 230509b bl.|||p| |||| 00| 00por d
040 _aBR-BrBNA
_bpor
_cBiblioteca Nacional de Agricultura
041 _a(Pt)
072 _aF04; P36
100 1 _aGodoi, E.L. de
100 1 _aBorges, J.D.
100 1 _aLeandro, W.M.
245 1 _aÍndices de cobertura vegetal e fitomassa de Stylosanthes guianensis Cv. Mineirão em área degradada, fertilizada com adubo mineral e biossólido
650 _aSTILOSANTE
650 _aLODO RESIDUAL
650 _aCOBERTURA VEGETAL
650 _aDETERIORAÇÃO DO SOLO
650 _aADUBAÇÃO
773 0 _tPesquisa Agropecuaria Tropical (Brazil)
_xISSN 1517-6398
_g(Jan-Mar 2008), v. 38(1) p. 21-26
_wBR0805190
909 _a202311
_bLúcia
_c55
_dLúcia Elande
942 _2AGRIS
_n0
_cANA
999 _c197788
_d197788